000 02325nam a2200397 a 4500
001 ebr10286194
003 CaPaEBR
006 m u
007 cr cn|||||||||
008 090105s2009 dcua sb 000 0 eng d
010 _z 2008055771
020 _z9780309120463 (pbk.)
020 _z0309120462 (pbk.)
020 _z9780309120470 (pdf)
020 _z0309120470 (pdf)
040 _aCaPaEBR
_cCaPaEBR
035 _a(OCoLC)435594184
043 _an-us---
050 1 4 _aGE150
_b.N37 2009eb
082 0 4 _a361.1
_222
110 2 _aNational Research Council (U.S.).
_bCommittee on Improving Risk Analysis Approaches Used by the U.S. EPA.
245 1 0 _aScience and decisions
_h[electronic resource] :
_badvancing risk assessment /
_cCommittee on Improving Risk Analysis Approaches Used by the U.S. EPA, Board on Environmental Studies and Toxicology, Division on Earth and Life Studies, National Research Council of the National Academies.
260 _aWashington, D.C. :
_bNational Academies Press,
_cc2009.
300 _axviii, 403 p. :
_bill.
504 _aIncludes bibliographical references.
505 0 _aEvolution and use of risk assessment in the environmental protection agency : current practice and future prospects -- The design of risk assessments -- Uncertainty and variability : the recurring and recalcitrant elements of risk assessment -- Toward a unified approach to dose-response assessment -- Selection and use of defaults -- Implementing cumulative risk assessment -- Improving the utility of risk assessment -- Toward improved risk-based decision-making.
533 _aElectronic reproduction.
_bPalo Alto, Calif. :
_cebrary,
_d2013.
_nAvailable via World Wide Web.
_nAccess may be limited to ebrary affiliated libraries.
650 0 _aEnvironmental risk assessment
_zUnited States.
650 0 _aTechnology
_xRisk assessment
_zUnited States.
650 0 _aHealth risk assessment
_zUnited States.
655 7 _aElectronic books.
_2local
710 2 _aNational Research Council (U.S.).
_bBoard on Environmental Studies and Toxicology.
710 2 _aNational Research Council (U.S.).
_bDivision on Earth and Life Studies.
710 2 _aebrary, Inc.
856 4 0 _uhttp://site.ebrary.com/lib/rucke/Doc?id=10286194
_zAn electronic book accessible through the World Wide Web; click to view
999 _c2083
_d2083